000 00660nam a2200265Ia 4500
005 20260302115253.0
008 008 260114s9999 xx 000 0 eng d
020 _a9798400673382
037 _aTextbook
040 _aCRL
040 _beng
040 _cCRL
041 _2eng
041 _aeng
084 _qCRL
100 _aMichael J. Dittman
_91121109
245 0 _aJack Kerouac A Biography
260 _bBloomsbury
260 _bGreenwood
260 _c2004
650 _aLiterary Studies
856 _uhttps://doi.org/10.5040/9798400673382?locatt=label:secondary_bloomsburyCollections
942 _cEBOOK
999 _c1685590
_d1685590